00948nam a2200169Ia 4500001001300000003001000013008004100023040002500064041000700089100002000096245006700116250001100183260003100194300001200225500048300237650005800720b5406-36351 IT-MiCISF161014s9999||||xx |||||||||||||| ||und|| aIT-MiCISFcIT-MiCISF ait aPicozzi Massimo 0aPiccoli omicidibLa (stra)ordinaria violenza degli adolescenti a1a ed. a Saronno (VA)bMontic2002 app. 118 a / adolescenza, violenza, case-studies / Si tratta di un piccolo libro, ma dal contenuto molto intenso. L'A, psichiatra, riporta i casi, ampiamente dibattuti dai mass media, dei crimini commessi da alcuni adolescenti e giovani, come il caso di Erika e Omar o delle tre ragazze di Chiavenna. L'A. cerca di individuare le cause che conducono alla violenza giovanile, i fattori di rischio, i segnali di allarme e soprattutto individuare le possibilità di prevenzione e recupero.  a Adolescenti e giovani / maltrattamenti-violenzae009